Inter Milan 2020's Starting XI - Statistics

General Stats
  • This quiz has been taken 7,228 times
    4,929 since last reset
  • The average score is 21 of 26
Answer Stats
Player % Correct
Yann Sommer
99%
Lautaro Martínez
98%
André Onana
95%
Nicolò Barella
95%
Romelu Lukaku
95%
Alessandro Bastoni
94%
Hakan Çalhanoğlu
94%
Edin Džeko
93%
Marcus Thuram
93%
Samir Handanović
93%
Stefan de Vrij
88%
Henrikh Mkhitaryan
87%
Milan Škriniar
85%
Denzel Dumfries
84%
Federico Dimarco
84%
Marcelo Brozović
84%
Achraf Hakimi
83%
Francesco Acerbi
81%
Benjamin Pavard
77%
Ivan Perišić
77%
Diego Godín
71%
Matteo Darmian
66%
Ashley Young
59%
Roberto Gagliardini
33%
Antonio Candreva
29%
Danilo D'Ambrosio
27%
No matching quizzes found
Score Distribution
Percent of People with Each Score
Percentile by Number Answered
Your Score History
You have not taken this quiz since the last reset